[Event "Bosnjaci op 21st"]
[Site "Bosnjaci"]
[Date "2016.01.07"]
[Round "7"]
[White "Tokic, Vjekoslav"]
[Black "Raguz, Darko"]
[Result "1/2-1/2"]
[WhiteElo "1788"]
[BlackElo "2106"]
[PlyCount "44"]
[EventDate "2016.01.03"]
[EventType "swiss"]
[EventRounds "9"]
[EventCountry "CRO"]
[SourceTitle "CBM 170 Extra"]
[Source "ChessBase"]
[SourceDate "2016.02.25"]
[SourceVersion "1"]
[SourceVersionDate "2016.02.25"]
[SourceQuality "1"]

1. c4 Nf6 2. Nc3 e5 3. g3 d5 4. cxd5 Nxd5 5. Bg2 Nb6 6. Nf3 Nc6 7. 0-0 Be7 8. e3 0-0 9. d4 exd4 10. exd4 Be6 11. Be3 Nb4 12. Re1 c6 13. Ne5 N4d5 14. Ne4 Qc7 15. Qh5 Qc8 16. Qe2 Nxe3 17. fxe3 Nd5 18. Rac1 f6 19. Nd3 Bf7 20. Nec5 b6 21. e4 Bxc5 22. dxc5 Ne7 1/2-1/2

[Event "Bosnjaci op 20th"]
[Site "Bosnjaci"]
[Date "2015.01.03"]
[Round "1"]
[White "Zivkovic, Vjekoslav"]
[Black "Tokic, Vjekoslav"]
[Result "1-0"]
[WhiteElo "2358"]
[BlackElo "1861"]
[PlyCount "95"]
[EventDate "2015.01.03"]
[EventType "swiss"]
[EventRounds "9"]
[EventCountry "CRO"]
[SourceTitle "CBM 164 Extra"]
[Source "ChessBase"]
[SourceDate "2015.03.02"]
[SourceVersion "1"]
[SourceVersionDate "2015.03.02"]
[SourceQuality "1"]

1. e4 e5 2. Nf3 Nc6 3. Bb5 Nf6 4. d3 d6 5. c3 a6 6. Bxc6+ bxc6 7. 0-0 Be7 8. Re1 0-0 9. Nbd2 h6 10. Nf1 Be6 11. Ng3 c5 12. d4 cxd4 13. cxd4 exd4 14. Nxd4 Bg4 15. Qc2 c5 16. Ndf5 Nd7 17. h3 Bxf5 18. Nxf5 Ne5 19. Bf4 Qc7 20. Rac1 Rfe8 21. Red1 Ra7 22. b3 f6 23. Qc3 Bf8 24. Rd5 Kh7 25. Rcd1 Rd8 26. Bxe5 fxe5 27. Qd2 a5 28. Nxd6 Bxd6 29. Rxd6 Rxd6 30. Qxd6 Qxd6 31. Rxd6 a4 32. Rd5 axb3 33. axb3 Rc7 34. Rxe5 c4 35. bxc4 Rxc4 36. h4 Kg6 37. h5+ Kf6 38. Rf5+ Ke7 39. f3 Rc6 40. Kh2 g6 41. hxg6 Rxg6 42. g4 Rc6 43. Kg3 Rc3 44. Kh4 Rc1 45. Rh5 Rh1+ 46. Kg3 Rxh5 47. gxh5 Kf6 48. f4 1-0